Office ergonomics. (Record no. 101375)
[ view plain ]
| 000 -LEADER | |
|---|---|
| fixed length control field | 00731cam a2200241 4500 |
| 008 - FIXED-LENGTH DATA ELEMENTS--GENERAL INFORMATION | |
| fixed length control field | 000000n2001 000 0 eng u |
| 020 ## - INTERNATIONAL STANDARD BOOK NUMBER | |
| International Standard Book Number | 074840953X |
| 035 ## - SYSTEM CONTROL NUMBER | |
| System control number | (Sirsi) u112218 |
| 050 ## - LIBRARY OF CONGRESS CALL NUMBER | |
| Classification number | 725.23 |
| 100 ## - MAIN ENTRY--PERSONAL NAME | |
| Personal name | Kroemer, Karl H.E. |
| 245 ## - TITLE STATEMENT | |
| Title | Office ergonomics. |
| 260 ## - PUBLICATION, DISTRIBUTION, ETC. | |
| Place of publication, distribution, etc. | London |
| Name of publisher, distributor, etc. | Taylor & Francis |
| Date of publication, distribution, etc. | 2001 |
| 300 ## - PHYSICAL DESCRIPTION | |
| Extent | x,258p. : ill. ; 24cm. |
| 350 ## - PRICE (NR) (BK AM CF MU VM SE) [OBSOLETE] | |
| Price | 17.99 |
| 520 ## - SUMMARY, ETC. | |
| Summary, etc. | A practical book, which covers not just the design of offices and equipment but also office relationships and the well-being of workers. |
| 650 ## - SUBJECT ADDED ENTRY--TOPICAL TERM | |
| Topical term or geographic name entry element | OFFICES |
| 650 ## - SUBJECT ADDED ENTRY--TOPICAL TERM | |
| Topical term or geographic name entry element | INTERNAL CLIMATE |
| 650 ## - SUBJECT ADDED ENTRY--TOPICAL TERM | |
| Topical term or geographic name entry element | MANUAL TASKS |
| 650 ## - SUBJECT ADDED ENTRY--TOPICAL TERM | |
| Topical term or geographic name entry element | FURNITURE |
| 690 ## - LOCAL SUBJECT ADDED ENTRY--TOPICAL TERM (OCLC, RLIN) | |
| Topical term or geographic name as entry element | FACILITIES MANAGEMENT |
| 9 (RLIN) | 6240 |
| 700 ## - ADDED ENTRY--PERSONAL NAME | |
| Personal name | Kroemer, Anne D. |
| 942 ## - ADDED ENTRY ELEMENTS (KOHA) | |
| Suppress in OPAC | 0 |
| Withdrawn status | Lost status | Source of classification or shelving scheme | Damaged status | Not for loan | Home library | Current library | Shelving location | Date acquired | Cost, normal purchase price | Total Checkouts | Full call number | Barcode | Date last seen | Date last checked out | Copy number | Cost, replacement price | Price effective from | Koha item type |
|---|---|---|---|---|---|---|---|---|---|---|---|---|---|---|---|---|---|---|
| Dewey Decimal Classification | London | London | Books | 23/05/2001 | 17.99 | 19 | 725.23 KRO | 30064305 | 06/08/2019 | 17/05/2006 | 1 | 17.99 | 06/08/2019 | Book |